[Event "European Youth Chess Championship B12"]
[Site "Prague, Top Hotel Prague"]
[Date "2016.08.18"]
[Round "1.43"]
[White "Cuttoli, Alexandre"]
[Black "Ceres, Dragos"]
[Result "0-1"]
[WhiteElo "1618"]
[BlackElo "1904"]
[PlyCount "98"]
[EventDate "2016.08.18"]

1. e4 e6 2. d4 d5 3. Nc3 Nf6 4. Bg5 Bb4 5. e5 h6 6. Bd2 Bxc3 7. bxc3 Ne4 8. Qg4
Rf8 9. Bd3 Nxd2 10. Kxd2 c5 11. Nf3 Nc6 12. h4 Qa5 13. Qf4 cxd4 14. Nxd4 Nxd4
15. Qxd4 Bd7 16. Rab1 b6 17. a4 Qxa4 18. Rb4 Qc6 19. Ra1 Ke7 20. f3 Rfc8 21. c4
Kf8 22. g4 Be8 23. Be2 Qc5 24. Qxc5+ bxc5 25. Rb7 a5 26. cxd5 exd5 27. Bb5 Bxb5
28. Rxb5 a4 29. Kd3 a3 30. c4 dxc4+ 31. Kxc4 Ra4+ 32. Kb3 Rf4 33. Rf1 c4+ 34.
Kxa3 c3 35. Rbb1 Rcc4 36. Rbc1 c2 37. Rfe1 Rc3+ 38. Kb2 Rfxf3 39. Rxc2 Rxc2+
40. Kxc2 Rf4 41. Rg1 Re4 42. g5 Rxh4 43. gxh6 Rxh6 44. Rg4 Rh3 45. Re4 Ke7 46.
Kd2 Ke6 47. Rg4 g6 48. Rf4 Rh7 49. Re4 Rh5 0-1

[Event "European Youth Chess Championship B12"]
[Site "Prague, Top Hotel Prague"]
[Date "2016.08.18"]
[Round "1.44"]
[White "Gucaga, Augustas"]
[Black "Nesse, David"]
[Result "1-0"]
[WhiteElo "1902"]
[BlackElo "1602"]
[PlyCount "43"]
[EventDate "2016.08.18"]

1. e4 c5 2. Nf3 Nc6 3. d4 cxd4 4. Nxd4 Nf6 5. Nc3 d6 6. f3 e5 7. Nb3 Be7 8. Be3
O-O 9. Qd2 a5 10. a4 Nb4 11. O-O-O Be6 12. g4 d5 13. g5 d4 14. gxf6 dxc3 15.
bxc3 Nd3+ 16. Kb1 Bxf6 17. Qxd3 Qc7 18. Be2 Rfd8 19. Qb5 Qxc3 20. Rxd8+ Rxd8
21. Bd2 Qc7 22. Bxa5 1-0

[Event "European Youth Chess Championship B12"]
[Site "Prague, Top Hotel Prague"]
[Date "2016.08.18"]
[Round "1.45"]
[White "Lamblin, Alexandre"]
[Black "Bin-Suhayl, Ieysaa"]
[Result "0-1"]
[WhiteElo "1594"]
[BlackElo "1899"]
[PlyCount "49"]
[EventDate "2016.08.18"]

1. d4 Nf6 2. c4 c5 3. d5 b5 4. cxb5 a6 5. bxa6 g6 6. Nc3 Bg7 7. Nf3 O-O 8. e4
Qa5 9. Bd2 Bxa6 10. Bxa6 Qxa6 11. Rb1 e6 12. Bg5 exd5 13. Bxf6 Bxf6 14. Nxd5
Bg7 15. Qd2 Re8 16. Nc7 Rxe4+ 17. Kd1 Qa4+ 18. b3 Qxa2 19. Nxa8 Qxb1+ 20. Qc1
Qxb3+ 21. Qc2 Qb7 22. Qa2 Rb4 23. Kc1 Bh6+ 24. Kc2 Qe4+ 25. Kd1 0-1

[Event "European Youth Chess Championship B12"]
[Site "Prague, Top Hotel Prague"]
[Date "2016.08.18"]
[Round "1.46"]
[White "Marn, Jan"]
[Black "Vainerchuk, Barys"]
[Result "1/2-1/2"]
[WhiteElo "1896"]
[BlackElo "1592"]
[PlyCount "32"]
[EventDate "2016.08.18"]

1. d4 f5 2. c4 Nf6 3. Nc3 g6 4. Nf3 Bg7 5. Bf4 d6 6. h3 O-O 7. e3 Qe8 8. Be2 e6
9. Qb3 Kh8 10. O-O h6 11. Bh2 g5 12. Bd3 Qf7 13. Rfe1 Nfd7 14. Re2 e5 15. Bc2
Na6 16. Rae1 Re8 1/2-1/2

[Event "European Youth Chess Championship B12"]
[Site "Prague, Top Hotel Prague"]
[Date "2016.08.18"]
[Round "1.47"]
[White "De, Cocq Ramin"]
[Black "Astner, Sebastian"]
[Result "0-1"]
[WhiteElo "1588"]
[BlackElo "1893"]
[PlyCount "66"]
[EventDate "2016.08.18"]

1. e4 c6 2. d4 d5 3. exd5 cxd5 4. c4 Nf6 5. Nc3 Nc6 6. Nf3 Bg4 7. Be3 e6 8. Be2
Be7 9. h3 Bf5 10. a3 O-O 11. O-O Rc8 12. Rc1 a6 13. c5 Qc7 14. Qd2 Ne4 15. Nxe4
Bxe4 16. Bf4 Qd7 17. Rfe1 Bf6 18. Be3 Rfe8 19. b4 e5 20. Red1 Bxf3 21. Bxf3
exd4 22. Bg4 dxe3 23. Bxd7 exd2 24. Rb1 Re1+ 25. Rxe1 dxe1=Q+ 26. Rxe1 Rd8 27.
Re8+ Rxe8 28. Bxe8 Bb2 29. Bxc6 bxc6 30. a4 Kf8 31. Kf1 Ba3 32. b5 cxb5 33.
axb5 axb5 0-1

[Event "European Youth Chess Championship B12"]
[Site "Prague, Top Hotel Prague"]
[Date "2016.08.18"]
[Round "1.48"]
[White "Verma, Aditya"]
[Black "Tajovsky, Matej"]
[Result "1-0"]
[WhiteElo "1890"]
[BlackElo "1584"]
[PlyCount "98"]
[EventDate "2016.08.18"]

1. e4 c5 2. Nf3 Nc6 3. d4 cxd4 4. Nxd4 g6 5. Be3 Bg7 6. Nc3 Nf6 7. h3 Qa5 8.
Nb3 Qc7 9. g4 a6 10. a4 d6 11. Bg2 O-O 12. O-O Ne5 13. g5 Nfd7 14. Nd5 Qd8 15.
Qe2 e6 16. Nc3 Qc7 17. Nd2 Nb6 18. Bd4 Nec4 19. Bxg7 Kxg7 20. b3 Ne5 21. Qe3
Bd7 22. f4 Nc6 23. a5 Nc8 24. Nc4 Nb4 25. Na2 Nxa2 26. Rxa2 Kg8 27. Rd1 Bb5 28.
Nd2 Na7 29. c4 Bd7 30. Kh1 Nc6 31. e5 dxe5 32. Ne4 f5 33. Nf6+ Rxf6 34. gxf6 e4
35. Rad2 Rd8 36. Rd6 Nb4 37. Qb6 Qxb6 38. axb6 Nd3 39. Kg1 a5 40. R1xd3 exd3
41. Bxb7 Kf7 42. Rxd3 Kxf6 43. Bc6 Ke7 44. b7 Bxc6 45. Rxd8 Bxb7 46. Rh8 Kf6
47. Rxh7 Be4 48. Ra7 g5 49. fxg5+ Kxg5 1-0

[Event "European Youth Chess Championship B12"]
[Site "Prague, Top Hotel Prague"]
[Date "2016.08.18"]
[Round "1.49"]
[White "Jirousek, Jan"]
[Black "Karaoglan, Doruk"]
[Result "0-1"]
[WhiteElo "1581"]
[BlackElo "1889"]
[PlyCount "78"]
[EventDate "2016.08.18"]

1. d4 Nf6 2. c4 g6 3. Nc3 Bg7 4. e4 d6 5. Nf3 O-O 6. Be2 e5 7. O-O exd4 8. Nxd4
Re8 9. f3 Nc6 10. Be3 Nh5 11. Qd2 Nxd4 12. Bxd4 Nf4 13. Bxg7 Qg5 14. Kf2 Kxg7
15. g3 Qc5+ 16. Ke1 Ng2+ 17. Kd1 Ne3+ 18. Ke1 Nxf1 19. Bxf1 Be6 20. Rc1 Qg1 21.
Nb5 Bh3 22. Qf2 Qxf1+ 23. Qxf1 Bxf1 24. Kxf1 Re7 25. Nc3 c6 26. Rd1 Re6 27. b4
Rf8 28. b5 f5 29. Kg2 fxe4 30. Nxe4 cxb5 31. cxb5 Re5 32. Rxd6 Rxb5 33. Rd7+
Kg8 34. a4 Rb2+ 35. Kh3 Rf7 36. Rxf7 Kxf7 37. a5 Ke7 38. f4 Ra2 39. Nc3 Rxa5
0-1

[Event "European Youth Chess Championship B12"]
[Site "Prague, Top Hotel Prague"]
[Date "2016.08.18"]
[Round "1.50"]
[White "Ben Ari, Yannay"]
[Black "Sarighioleanu, Sebastian-Laure"]
[Result "1-0"]
[WhiteElo "1883"]
[BlackElo "1572"]
[PlyCount "121"]
[EventDate "2016.08.18"]

1. b3 e5 2. Bb2 Nc6 3. e3 d5 4. Bb5 Bd6 5. Nf3 Bg4 6. h3 Bxf3 7. Qxf3 Nge7 8.
Nc3 a6 9. Bxc6+ bxc6 10. O-O-O O-O 11. d3 Nc8 12. g4 Qe7 13. Rdg1 Ba3 14. g5
Bxb2+ 15. Kxb2 Nd6 16. Qh5 g6 17. Qf3 f6 18. gxf6 Qxf6 19. Qg3 e4 20. Rh2 Nb5
21. d4 Nxc3 22. Kxc3 Qd6 23. Qg2 c5 24. h4 cxd4+ 25. exd4 c5 26. h5 cxd4+ 27.
Kb2 Rf6 28. Qh3 Qe6 29. hxg6 Qxh3 30. gxh7+ Kxh7 31. Rxh3+ Rh6 32. Rxh6+ Kxh6
33. Rd1 Re8 34. Rxd4 Re5 35. Kc3 Kg5 36. Kd2 Kf4 37. Ke2 Rf5 38. c4 dxc4 39.
Rxc4 Ra5 40. a4 Re5 41. b4 a5 42. b5 Kf5 43. Ke3 Re7 44. b6 Rb7 45. Rc5+ Ke6
46. Rb5 Kd6 47. Kxe4 Kc6 48. f4 Re7+ 49. Kf5 Kb7 50. Rxa5 Kxb6 51. Re5 Rf7+ 52.
Kg5 Kc6 53. f5 Kd6 54. Re6+ Kd5 55. a5 Rf8 56. a6 Rf7 57. Rb6 Ke4 58. f6 Ke5
59. Kg6 Rf8 60. f7 Ra8 61. Kg7 1-0

[Event "European Youth Chess Championship B12"]
[Site "Prague, Top Hotel Prague"]
[Date "2016.08.18"]
[Round "1.51"]
[White "Kran, Ole-Christian Bakken"]
[Black "Decuigniere, Tom"]
[Result "0-1"]
[WhiteElo "1571"]
[BlackElo "1878"]
[PlyCount "58"]
[EventDate "2016.08.18"]

1. e4 c5 2. Nc3 Nc6 3. f4 g6 4. Nf3 Bg7 5. Bb5 Nd4 6. Nxd4 cxd4 7. Ne2 e6 8.
O-O Ne7 9. d3 O-O 10. Qe1 f5 11. e5 d6 12. Bc4 Nc6 13. exd6 Na5 14. Bd2 Nxc4
15. dxc4 Qb6 16. Bb4 Qc6 17. d7 Bxd7 18. Bxf8 Rxf8 19. Qb4 Rc8 20. Qe7 Re8 21.
Qb4 Rc8 22. Qe7 Bf8 23. Qf6 Qxc4 24. Rfe1 Bg7 25. Qe7 Bc6 26. Ng3 Re8 27. Qd6
Bf8 28. Qc7 Qxc2 29. Rac1 Qxg2# 0-1

[Event "European Youth Chess Championship B12"]
[Site "Prague, Top Hotel Prague"]
[Date "2016.08.18"]
[Round "1.52"]
[White "Arbuzov, Timofey"]
[Black "Keprt, Tomas"]
[Result "1-0"]
[WhiteElo "1870"]
[BlackElo "1567"]
[PlyCount "75"]
[EventDate "2016.08.18"]

1. e4 c5 2. Nf3 d6 3. d4 cxd4 4. Qxd4 Nc6 5. Bb5 Bd7 6. Bxc6 Bxc6 7. Nc3 Nf6 8.
Bg5 g6 9. Bxf6 exf6 10. O-O-O Be7 11. Rhe1 O-O 12. h4 Qc7 13. h5 a6 14. Nh4
Rad8 15. g4 f5 16. Nf3 fxg4 17. h6 f6 18. Ng5 Qd7 19. Qc4+ Kh8 20. Nf7+ Rxf7
21. Qxf7 Rg8 22. Nd5 Bf8 23. Qxf6+ Bg7 24. hxg7+ Rxg7 25. Nf4 Kg8 26. Rxd6 Qf7
27. Rd8+ Be8 28. Qxf7+ Kxf7 29. Rc8 Kf6 30. Rxe8 Rd7 31. Re6+ Kf7 32. Rd1 Rxd1+
33. Kxd1 g5 34. Rb6 gxf4 35. Rxb7+ Kf6 36. Rxh7 Ke6 37. Rh4 Ke5 38. Rxg4 1-0

[Event "European Youth Chess Championship B12"]
[Site "Prague, Top Hotel Prague"]
[Date "2016.08.18"]
[Round "1.53"]
[White "Kusa, Jakub"]
[Black "Harutyunyan, Safar"]
[Result "0-1"]
[WhiteElo "1567"]
[BlackElo "1867"]
[PlyCount "60"]
[EventDate "2016.08.18"]

1. e4 c5 2. Nf3 Nc6 3. d4 cxd4 4. Nxd4 Nf6 5. Nc3 d6 6. Be2 g6 7. Be3 Bg7 8.
Qd2 O-O 9. O-O Ng4 10. Bxg4 Bxg4 11. f3 Bd7 12. Rad1 Qa5 13. Nb3 Qh5 14. Bd4
Nxd4 15. Nxd4 Rfc8 16. Nde2 Qc5+ 17. Kh1 Be6 18. Nd4 Bc4 19. Rf2 b5 20. a3 a5
21. Nb1 b4 22. b3 Bxd4 23. Qxd4 Qxd4 24. Rxd4 Bxb3 25. axb4 Rxc2 26. Rxc2 Bxc2
27. Na3 axb4 28. Nxc2 b3 29. Rd1 bxc2 30. Rc1 Rb8 0-1

[Event "European Youth Chess Championship B12"]
[Site "Prague, Top Hotel Prague"]
[Date "2016.08.18"]
[Round "1.54"]
[White "Koelle, Tobias"]
[Black "Sebesta, Jan"]
[Result "1/2-1/2"]
[WhiteElo "1866"]
[BlackElo "1557"]
[PlyCount "50"]
[EventDate "2016.08.18"]

1. d4 Nf6 2. c4 g6 3. Nc3 d5 4. cxd5 Nxd5 5. e4 Nxc3 6. bxc3 Bg7 7. Nf3 c5 8.
Be3 Qa5 9. Qd2 Nc6 10. Rd1 O-O 11. Be2 cxd4 12. cxd4 Qxd2+ 13. Rxd2 Bg4 14. O-O
e6 15. d5 exd5 16. exd5 Bxf3 17. Bxf3 Ne5 18. Be2 b6 19. Ba6 Rad8 20. Rc1 Rd7
21. Bc8 Rdd8 22. Bh3 f5 23. Bg5 Rc8 24. Rcd1 Ng4 25. Bxg4 fxg4 1/2-1/2

[Event "European Youth Chess Championship B12"]
[Site "Prague, Top Hotel Prague"]
[Date "2016.08.18"]
[Round "1.55"]
[White "Stepanencu, Nicodim-Cosmin"]
[Black "Bilych, Olexiy"]
[Result "0-1"]
[WhiteElo "1551"]
[BlackElo "1860"]
[PlyCount "92"]
[EventDate "2016.08.18"]

1. e4 c5 2. Nf3 a6 3. d4 cxd4 4. Nxd4 Nf6 5. Nc3 e5 6. Nf3 Bb4 7. Bd2 O-O 8.
Bd3 Nc6 9. O-O d6 10. h3 h6 11. a3 Bxc3 12. Bxc3 Be6 13. Re1 Qc7 14. Bd2 d5 15.
Qc1 Nxe4 16. Bxe4 dxe4 17. Rxe4 Bd5 18. Rh4 Bxf3 19. gxf3 Nd4 20. Qd1 Qc6 21.
Kg2 Rad8 22. Rc1 Nf5 23. Re4 Qd5 24. Bb4 Qxd1 25. Rxd1 Rxd1 26. Bxf8 Kxf8 27.
Rxe5 g6 28. Rc5 Ke7 29. b4 Kf6 30. Rc7 b5 31. f4 g5 32. fxg5+ hxg5 33. Kf3 Rd4
34. Rc6+ Rd6 35. Rc7 Nd4+ 36. Ke4 Rc6 37. Rxc6+ Nxc6 38. Kd5 Ne5 39. Kc5 Nc4
40. a4 Ke5 41. axb5 axb5 42. Kxb5 Kd5 43. Ka6 Kc6 44. c3 f6 45. f3 f5 46. b5+
Kc5 0-1

[Event "European Youth Chess Championship B12"]
[Site "Prague, Top Hotel Prague"]
[Date "2016.08.18"]
[Round "1.56"]
[White "Carbonell, Sancho Marc"]
[Black "Devyaterikov, Ivan"]
[Result "1-0"]
[WhiteElo "1857"]
[BlackElo "1536"]
[PlyCount "81"]
[EventDate "2016.08.18"]

1. e4 c6 2. d4 d5 3. Nc3 dxe4 4. Nxe4 Nd7 5. Nf3 Ngf6 6. Bd3 Nxe4 7. Bxe4 Nf6
8. Bd3 Bg4 9. c3 e6 10. Bg5 Be7 11. O-O O-O 12. Re1 Rc8 13. Be2 c5 14. Qa4 Qb6
15. Be3 Ne4 16. dxc5 Qc6 17. Qc4 Qd5 18. Qxd5 exd5 19. Nd4 Bxe2 20. Nxe2 Bxc5
21. Bxc5 Nxc5 22. Red1 Na4 23. Rab1 Rfd8 24. f3 h6 25. Kf2 b5 26. Rd2 Nb6 27.
Rd4 a5 28. Rbd1 Kf8 29. Nf4 Rc5 30. h4 g5 31. hxg5 hxg5 32. Nd3 Rc4 33. Ne5
Rxd4 34. Rxd4 Nc4 35. Nxc4 bxc4 36. Rd2 a4 37. Ke3 Ke7 38. Rd4 Rd6 39. Ke2 f6
40. g3 Ke6 41. Ke3 {nr} 1-0

[Event "European Youth Chess Championship B12"]
[Site "Prague, Top Hotel Prague"]
[Date "2016.08.18"]
[Round "1.57"]
[White "Aslanov, Samad"]
[Black "Schlegel, Igor"]
[Result "0-1"]
[WhiteElo "1529"]
[BlackElo "1856"]
[PlyCount "50"]
[EventDate "2016.08.18"]

1. e4 e5 2. Nf3 Nc6 3. Bb5 a6 4. Ba4 Nf6 5. O-O Be7 6. Re1 b5 7. Bb3 O-O 8. c3
d5 9. exd5 Nxd5 10. Nxe5 Nxe5 11. Rxe5 Bb7 12. Qf3 Bd6 13. Bxd5 c6 14. Rh5 cxd5
15. Qh3 Re8 16. Kf1 Qe7 17. Qe3 d4 18. Qxe7 Rxe7 19. d3 Rae8 20. Bd2 Bf4 21.
Rh4 g5 22. Rh6 Re2 23. Rb6 Bc8 24. Rc6 Bf5 25. g3 Bh3+ 0-1

[Event "European Youth Chess Championship B12"]
[Site "Prague, Top Hotel Prague"]
[Date "2016.08.18"]
[Round "1.58"]
[White "Krejcok, Tobias"]
[Black "Dudek, Vojtech"]
[Result "1-0"]
[WhiteElo "1851"]
[BlackElo "1529"]
[PlyCount "31"]
[EventDate "2016.08.18"]

1. e4 d5 2. exd5 Nf6 3. d4 Bg4 4. Be2 Bxe2 5. Qxe2 Qxd5 6. Nf3 Nc6 7. c4 Qf5 8.
O-O O-O-O 9. Be3 e6 10. Nc3 g5 11. Nxg5 Nxd4 12. Bxd4 Rxd4 13. Nxf7 Rg8 14.
Rad1 Rxd1 15. Rxd1 Bc5 16. Nh6 1-0

[Event "European Youth Chess Championship B12"]
[Site "Prague, Top Hotel Prague"]
[Date "2016.08.18"]
[Round "1.59"]
[White "Slivka, David"]
[Black "Czernek, Tymon"]
[Result "0-1"]
[WhiteElo "1524"]
[BlackElo "1847"]
[PlyCount "90"]
[EventDate "2016.08.18"]

1. e4 c5 2. Nf3 d6 3. d4 cxd4 4. Nxd4 Nf6 5. Nc3 a6 6. Be3 e5 7. Nb3 Be6 8. f3
Be7 9. Qd2 O-O 10. O-O-O a5 11. a4 Na6 12. g4 Nb4 13. h4 Rc8 14. Kb1 d5 15. g5
Nh5 16. exd5 Bf5 17. Na1 Ng3 18. Bh3 Qd7 19. Rhg1 Bxh3 20. Rxg3 Bf5 21. d6 Bd8
22. f4 exf4 23. Bxf4 Bb6 24. Be3 Bc5 25. Bxc5 Rxc5 26. Qe3 Rc6 27. Qe7 Rd8 28.
Re3 g6 29. Nd5 Nxd5 30. Rxd5 b6 31. Qf6 Be6 32. Rd2 Rc4 33. b3 Rxh4 34. Rc3 Rc8
35. Rdd3 Rxc3 36. Rxc3 Rh1+ 37. Kb2 Rd1 38. Qe7 Qxd6 39. Qxd6 Rxd6 40. Rg3 Bf5
41. Rg2 f6 42. gxf6 Rxf6 43. c4 h5 44. Rc2 Bxc2 45. Kxc2 h4 0-1

[Event "European Youth Chess Championship B12"]
[Site "Prague, Top Hotel Prague"]
[Date "2016.08.18"]
[Round "1.60"]
[White "Yaniv, Yuval"]
[Black "Rousek, Jan"]
[Result "1-0"]
[WhiteElo "1845"]
[BlackElo "1521"]
[PlyCount "81"]
[EventDate "2016.08.18"]

1. e4 c5 2. Nf3 e6 3. d4 cxd4 4. Nxd4 Nf6 5. Nc3 Nc6 6. a3 Be7 7. Be2 O-O 8.
O-O d5 9. Nxc6 bxc6 10. e5 Nd7 11. f4 Qb6+ 12. Kh1 f6 13. Bg4 Nc5 14. b4 Ne4
15. Nxe4 dxe4 16. Re1 f5 17. Be3 Qd8 18. Be2 a5 19. c3 axb4 20. axb4 Rxa1 21.
Qxa1 Bd7 22. Rd1 Qc8 23. Qa7 Rd8 24. Bb6 Qb8 25. Rxd7 Qxa7 26. Rxd8+ Bxd8 27.
Bxa7 Kf7 28. Kg1 Ke7 29. Kf2 Kd7 30. Ke3 Be7 31. Kd4 Kc7 32. g4 g6 33. gxf5
gxf5 34. Bc5 Bd8 35. b5 cxb5 36. Bxb5 Kc8 37. c4 Kc7 38. Bd6+ Kc8 39. Kc5 Ba5
40. Kc6 Bd8 41. Ba6# 1-0

[Event "European Youth Chess Championship B12"]
[Site "Prague, Top Hotel Prague"]
[Date "2016.08.18"]
[Round "1.61"]
[White "Jaques, Hannibal Valeur"]
[Black "Schernthaner, David"]
[Result "0-1"]
[WhiteElo "1518"]
[BlackElo "1844"]
[PlyCount "98"]
[EventDate "2016.08.18"]

1. e4 c5 2. Nc3 Nc6 3. g3 g6 4. Bg2 Bg7 5. f4 d6 6. Nf3 e6 7. O-O Nge7 8. d4
O-O 9. g4 f5 10. h3 Rb8 11. g5 Bd7 12. Kf2 b5 13. h4 Be8 14. Bh3 b4 15. Ne2 a5
16. exf5 exf5 17. d5 c4 18. Be3 Nxd5 19. Qd2 Bf7 20. Rae1 Re8 21. Ng3 Qb6 22.
b3 c3 23. Qd3 Rxe3 24. Rxe3 Nxf4 25. Qd1 Nxh3+ 26. Kg2 Nf4+ 27. Kh2 Nd4 28.
Rfe1 Nxf3+ 29. Qxf3 Be5 30. Qf1 Qc6 31. Rd1 Ra8 32. Qf2 a4 33. bxa4 Rxa4 34.
Rxe5 dxe5 35. Ne2 Qg2+ 36. Qxg2 Nxg2 37. Kxg2 Rxa2 38. Rd8+ Kg7 39. Kf3 Rxc2
40. h5 gxh5 41. Ng3 Kg6 42. Rd6+ Kxg5 43. Ne2 Rd2 44. Rc6 Bd5+ 45. Kg3 Bxc6 46.
Kh3 Bg2+ 47. Kh2 c2 48. Kg1 c1=Q+ 49. Kh2 Qh1+ 0-1

[Event "European Youth Chess Championship B12"]
[Site "Prague, Top Hotel Prague"]
[Date "2016.08.18"]
[Round "1.62"]
[White "Baum, Jonasz"]
[Black "Veres, Simon"]
[Result "1-0"]
[WhiteElo "1842"]
[BlackElo "1514"]
[PlyCount "50"]
[EventDate "2016.08.18"]

1. e4 c5 2. Nf3 d6 3. d4 cxd4 4. Nxd4 Nf6 5. Nc3 a6 6. h3 e6 7. g4 b5 8. Bg2
Bb7 9. O-O b4 10. Nd5 exd5 11. exd5 Be7 12. g5 Nfd7 13. Nf5 O-O 14. Qd4 f6 15.
Qxb4 Nc5 16. Re1 Re8 17. Rxe7 Rxe7 18. gxf6 Rf7 19. Bg5 Qd7 20. Qg4 Bc8 21.
Ne7+ Kh8 22. Qh5 Qe8 23. fxg7+ Kxg7 24. Qh6+ Kh8 25. Bf6+ Rxf6 1-0

[Event "European Youth Chess Championship B12"]
[Site "Prague, Top Hotel Prague"]
[Date "2016.08.18"]
[Round "1.63"]
[White "Wartiovaara, Oliver"]
[Black "Ingebretsen, Jens E"]
[Result "0-1"]
[WhiteElo "1514"]
[BlackElo "1841"]
[PlyCount "52"]
[EventDate "2016.08.18"]

1. c4 c6 2. e4 d5 3. exd5 cxd5 4. cxd5 Qxd5 5. Nc3 Qd8 6. d4 g6 7. Nf3 Bg7 8.
Bc4 Nf6 9. Ne5 O-O 10. O-O Ne8 11. Re1 Nd6 12. Bb3 Nf5 13. Re4 Nd7 14. Nd5 e6
15. Ne3 Nd6 16. Nxd7 Bxd7 17. Re5 b6 18. Bd2 a5 19. a3 Qh4 20. Qg4 Qxg4 21.
Nxg4 h5 22. Bg5 hxg4 23. Be7 Bxe5 24. dxe5 Nf5 25. Bxf8 Kxf8 26. Bd1 Ke7 0-1

[Event "European Youth Chess Championship B12"]
[Site "Prague, Top Hotel Prague"]
[Date "2016.08.18"]
[Round "1.64"]
[White "Mathieu, Phileas"]
[Black "Hadjinicolaou, Andreas"]
[Result "1/2-1/2"]
[WhiteElo "1835"]
[BlackElo "1488"]
[PlyCount "47"]
[EventDate "2016.08.18"]

1. e4 c5 2. Nf3 Nc6 3. Bb5 g6 4. c3 a6 5. Be2 Bg7 6. O-O d6 7. d4 cxd4 8. cxd4
Qb6 9. Nc3 e6 10. Be3 Qd8 11. Re1 Nge7 12. Qd2 O-O 13. Rad1 d5 14. e5 Nf5 15.
Bf4 Bd7 16. g4 Nfe7 17. g5 Nf5 18. a3 Na5 19. Qc2 Re8 20. b4 Nc4 21. Bxc4 dxc4
22. Qb2 Qb6 23. Ne2 Bb5 24. Nc3 {nr} 1/2-1/2

[Event "European Youth Chess Championship B12"]
[Site "Prague, Top Hotel Prague"]
[Date "2016.08.18"]
[Round "1.65"]
[White "Husa, Daniel"]
[Black "Redzisz, Michal"]
[Result "1-0"]
[WhiteElo "1488"]
[BlackElo "1834"]
[PlyCount "107"]
[EventDate "2016.08.18"]

1. Nf3 d5 2. g3 Nf6 3. Bg2 c6 4. O-O Bg4 5. d3 Nbd7 6. Nbd2 e5 7. Qe1 Bc5 8. e4
d4 9. Nc4 Bxf3 10. Bxf3 b5 11. Na5 Qc7 12. Nb3 Bd6 13. Bg2 c5 14. Qe2 Rc8 15.
Bg5 h6 16. Bxf6 Nxf6 17. Nd2 O-O 18. Bh3 Rb8 19. Rfc1 h5 20. Bg2 h4 21. Bf3
hxg3 22. hxg3 g6 23. Kg2 Kg7 24. Rh1 Rh8 25. Rag1 Qa5 26. a3 Qa4 27. Qd1 c4 28.
Nb1 c3 29. bxc3 dxc3 30. Nxc3 Qxa3 31. Qa1 Rhc8 32. Nd5 Nxd5 33. exd5 Rxc2 34.
Qd1 Qb2 35. Qe1 Bb4 36. Qe3 Bc5 37. Qh6+ Kf6 38. Qh4+ g5 39. Qh6+ Ke7 40. Qxg5+
Kd7 41. Qf5+ Kc7 42. Qxf7+ Kb6 43. Qf6+ Ka5 44. Ra1+ Ba3 45. Be4 Rbc8 46. Rhb1
Qc3 47. Qe7 b4 48. Qxa7+ Kb5 49. Rxa3 Rxf2+ 50. Kxf2 Qc2+ 51. Ke3 Qf2+ 52. Kxf2
Rf8+ 53. Bf3 Rxf3+ 54. Kxf3 1-0

[Event "European Youth Chess Championship B12"]
[Site "Prague, Top Hotel Prague"]
[Date "2016.08.18"]
[Round "1.66"]
[White "Horobrijs, Daniils"]
[Black "Petrek, David"]
[Result "1-0"]
[WhiteElo "1829"]
[BlackElo "1463"]
[PlyCount "51"]
[EventDate "2016.08.18"]

1. e4 e5 2. Nf3 Nc6 3. d4 exd4 4. Nxd4 Bc5 5. Nxc6 Qf6 6. Qd2 Qxc6 7. Bd3 d6 8.
Nc3 a6 9. O-O Nf6 10. Nd5 Qd7 11. b4 Nxd5 12. exd5 Bd4 13. Re1+ Be5 14. f4 f6
15. fxe5 dxe5 16. c4 O-O 17. c5 c6 18. Bc4 Kh8 19. dxc6 Qxc6 20. Qd6 Qe8 21.
Bb2 Bg4 22. Qd3 Rd8 23. Qg3 Bh5 24. Bc3 Qc6 25. Qh4 Bg6 26. Rad1 1-0

[Event "European Youth Chess Championship B12"]
[Site "Prague, Top Hotel Prague"]
[Date "2016.08.18"]
[Round "1.67"]
[White "Gogna, Aman"]
[Black "Stoian, Cristian-Georgian"]
[Result "0-1"]
[WhiteElo "1412"]
[BlackElo "1826"]
[PlyCount "98"]
[EventDate "2016.08.18"]

1. d4 Nf6 2. Nf3 g6 3. c4 Bg7 4. g3 O-O 5. Bg2 d5 6. O-O dxc4 7. Na3 c3 8. bxc3
c5 9. e3 Nc6 10. Qe2 Bf5 11. Rd1 Qb6 12. Bb2 Rfd8 13. Nc4 Qa6 14. Bf1 Rac8 15.
Nce5 Nxe5 16. Nxe5 Qxe2 17. Bxe2 cxd4 18. exd4 Ne4 19. c4 Bxe5 20. dxe5 Rxd1+
21. Rxd1 b5 22. f3 Ng5 23. g4 Be6 24. h4 Nh3+ 25. Kf1 Nf4 26. Ba3 bxc4 27. Bxe7
c3 28. Rc1 Bxa2 29. Bb4 c2 30. Bd2 Ne6 31. Be3 a5 32. Bd3 Bc4 33. Ke2 Bxd3+ 34.
Kxd3 Nc5+ 35. Bxc5 Rxc5 36. Rxc2 Rxe5 37. Ra2 Kg7 38. f4 Rb5 39. Ra4 Rb3+ 40.
Ke4 Rb4+ 41. Rxb4 axb4 42. g5 Kf8 43. Kd3 Ke7 44. Kc4 Ke6 45. Kxb4 Kf5 46. Kc5
Kxf4 47. Kd6 Kg4 48. Ke5 Kxh4 49. Kf6 Kg4 0-1

[Event "European Youth Chess Championship B12"]
[Site "Prague, Top Hotel Prague"]
[Date "2016.08.18"]
[Round "1.68"]
[White "Bonciu, David"]
[Black "Stastny, Jakub"]
[Result "1-0"]
[WhiteElo "1820"]
[BlackElo "1376"]
[PlyCount "39"]
[EventDate "2016.08.18"]

1. e4 e5 2. Nf3 d6 3. d4 Nc6 4. Bb5 Bd7 5. Nc3 exd4 6. Nxd4 Ne5 7. Bxd7+ Qxd7
8. f4 Nc6 9. Be3 Nf6 10. Qf3 O-O-O 11. O-O-O g6 12. e5 Nxd4 13. Bxd4 dxe5 14.
fxe5 Bh6+ 15. Kb1 Qg4 16. exf6 Rxd4 17. Rxd4 Qxd4 18. Qh3+ Kb8 19. Qxh6 Qxf6
20. Qe3 1-0

[Event "European Youth Chess Championship B12"]
[Site "Prague, Top Hotel Prague"]
[Date "2016.08.18"]
[Round "1.69"]
[White "Sunde, Nicholas"]
[Black "Pobor, Milo"]
[Result "1-0"]
[WhiteElo "1375"]
[BlackElo "1817"]
[PlyCount "35"]
[EventDate "2016.08.18"]

1. d4 Nf6 2. c4 e6 3. Nf3 d5 4. Nc3 Nbd7 5. Bf4 dxc4 6. e3 c5 7. Bxc4 cxd4 8.
exd4 a6 9. a3 b5 10. Bb3 Bb7 11. O-O Nb6 12. Ne5 Be7 13. Qd3 Nbd5 14. Nxd5 Nxd5
15. Qg3 g6 16. Bh6 g5 17. Qf3 f5 18. Qh5# 1-0

[Event "European Youth Chess Championship B12"]
[Site "Prague, Top Hotel Prague"]
[Date "2016.08.18"]
[Round "1.70"]
[White "Frank, Adam"]
[Black "Fridensteins-Bridins, Atis"]
[Result "1/2-1/2"]
[WhiteElo "1816"]
[BlackElo "1347"]
[PlyCount "134"]
[EventDate "2016.08.18"]

1. e4 d5 2. exd5 Qxd5 3. Nc3 Qd6 4. d4 Nf6 5. Nf3 c6 6. Be2 Bf5 7. Bg5 Nbd7 8.
Qd2 e6 9. O-O Qc7 10. Rfe1 Bd6 11. a4 O-O 12. Rad1 Nb6 13. Bd3 Bxd3 14. Qxd3
Nfd5 15. Nxd5 cxd5 16. b3 Rac8 17. Re2 Nd7 18. Bh4 h6 19. Bg3 Bxg3 20. hxg3 Nf6
21. Ne5 Ne4 22. c4 Nd6 23. c5 Ne4 24. Kh2 Kh8 25. Qf3 Ng5 26. Qh5 Ne4 27. Rh1
Kg8 28. Kg1 b6 29. c6 Rfd8 30. Qg4 Nf6 31. Qf3 Nh7 32. Qg4 Nf6 33. Qh3 Qe7 34.
g4 Qa3 35. Re1 Qb4 36. Rd1 Ne4 37. Qh5 Rf8 38. Rh3 Qa3 39. Rf3 Ng5 40. Rg3 Ne4
41. Rf3 Ng5 42. Re3 Qb2 43. f3 Qc2 44. Red3 f6 45. R1d2 Qc1+ 46. Rd1 Qb2 47.
R1d2 Qa3 48. Ng6 Rfe8 49. Rc2 Qb4 50. Rc1 b5 51. axb5 Qxb5 52. Rdc3 Qb6 53. Qh2
Qxd4+ 54. Kh1 Qb6 55. Qd6 Rc7 56. Rc5 Nf7 57. Qf4 Kh7 58. Nh4 g5 59. Qxf6 gxh4
60. Qxh4 Rec8 61. Qf6 Nd8 62. g5 hxg5 63. Qxg5 Rg7 64. Qh5+ Kg8 65. Qe8+ Kh7
66. Qh5+ Kg8 67. Qe8+ Kh7 1/2-1/2